00972nam a2200265Ia 450000100060000000300090000600800410001504000130005604000130006904100130008210000310009510000290012624500550015524500880021025000110029826000110030926000090032026000490032930000570037850001130043565000350054865000310058370000390061470000530065319966IT-RoPAU130308s9999 xx 000 0 und d aIT-RoPAU cIT-RoPAU aITALIANO aBarbiellini Amidei Gaspare gCodice Aut. SPICS: 9569 a"Intervento su ""famiglia e mass media anni '80""" bMass Media e Famiglia-Atti del congresso internazionale (Milano, 25-29 Giugno 1981) a1a ed. aMILANO bCisf c1982 [1° Ed.:1982 - Ed.Ling.Originale:1981] a"11 p. (prefazione: no ; testo: 11 [pagine: 75-85])" aEssere Lucidi e Realisti Impegnarsi nella Comunicazione Lavorare Sulla Scala dei Media Annunciare Il Vangelo aSAGGI DI COMUNICAZIONE SOCIALE eCodice materia Spics: 3807 aZucconi GuglielmoHout-Pleroux Paul gCodice Aut. SPICS: 3301Codice Aut. SPICS: 4824